La traversée des langues : Essai sur le fonctionnement des langues à travers le monde (notice n° 1960833)
[ vue normale ]
| 000 -LEADER | |
|---|---|
| fixed length control field | 01477cam a2200133 4500500 |
| 005 - DATE AND TIME OF LATEST TRANSACTION | |
| control field | 20260329034104.0 |
| 041 ## - LANGUAGE CODE | |
| Language code of text/sound track or separate title | fre |
| 042 ## - AUTHENTICATION CODE | |
| Authentication code | dc |
| 100 10 - MAIN ENTRY--PERSONAL NAME | |
| Personal name | Rancourt, Jacques |
| Relator term | author |
| 245 00 - TITLE STATEMENT | |
| Title | La traversée des langues : Essai sur le fonctionnement des langues à travers le monde |
| 260 ## - PUBLICATION, DISTRIBUTION, ETC. | |
| Name of publisher, distributor, etc. | Armand Colin,<br/> |
| Date of publication, distribution, etc. | 2023.<br/> |
| 520 ## - SUMMARY, ETC. | |
| Summary, etc. | Ce livre est une exploration du fonctionnement des langues. Sans ignorer les théories scientifiques qui ont émergé tout au long du XXe siècle, il ne cherche pas à décrire formellement ses objets. Son regard se porte ailleurs. La traversée des langues soumet un nombre représentatif de langues du monde à une analyse autour de quelques notions choisies (le mot, la phrase, être et avoir, le genre, la possession, l’écrit et l’oral) en fonction de leurs différences par rapport au français. Elle s’appuie principalement pour cela sur des manuels d’apprentissage des langues, lesquels ont en commun de porter l’accent sur des particularités les distinguant de notre propre langue. Conçu ainsi, le livre réussit à rendre sensible au lecteur les différentes manières dont chaque type de langue parle, et d’un certain point de vue nous dit quelque chose d’unique de pourtant compréhensible. L’ouvrage s’achève sur une analyse du Chinois, langue « différente » par excellence. |
| 856 41 - ELECTRONIC LOCATION AND ACCESS | |
| Uniform Resource Identifier | <a href="https://shs.cairn.info/la-traversee-des-langues--9782200634926?lang=fr&redirect-ssocas=7080">https://shs.cairn.info/la-traversee-des-langues--9782200634926?lang=fr&redirect-ssocas=7080</a> |
Pas d'exemplaire disponible.




Réseaux sociaux